000 00508nam a22001697a 4500
005 20251108174805.0
008 250721s2005 xx 000 0 ara d
082 1 4 _a371.912/قري
100 1 _aالقريوتي، إبراهيم
_eمؤلف
245 1 0 _aالإعاقة السمعية /
264 1 _aعمان :
_bدار يافا العلمية للنشر،
_c2005.
300 _a304 ص.
650 1 7 _aأمراض الأذن
650 1 7 _aالبكم و الصمم
942 _2ddc
_cBK
999 _c118106
_d118106